Genocide: a comprehensive introduction
Guardat en:
| Autor principal: | |
|---|---|
| Format: | Llibre |
| Idioma: | anglès |
| Publicat: |
Londres
Routledge
2017
|
| Edició: | 3a. ed |
| Matèries: | |
| Etiquetes: |
Afegir etiqueta
Sense etiquetes, Sigues el primer a etiquetar aquest registre!
|
MARC
| LEADER | 00000cam a2200000 a 4500 | ||
|---|---|---|---|
| 001 | UCC8910 | ||
| 003 | CL-VaPUC | ||
| 008 | 190830e20170000uk |||||||||||||||||eng|d | ||
| 020 | |a 9781138823846 | ||
| 082 | 0 | 4 | |a 304.663 |b JON |2 21 |
| 100 | 0 | |a Jones, Adam |e author |9 603615 | |
| 245 | 1 | 0 | |a Genocide: a comprehensive introduction |
| 250 | |a 3a. ed | ||
| 300 | |a 839 p | ||
| 942 | |c BK | ||
| 945 | |d 20190830 10:52:00 |a cmena | ||
| 260 | |a Londres |b Routledge |c 2017 | ||
| 650 | 0 | |a Genocidio |9 323090 | |
| 650 | 0 | |a Discriminación racial |9 257054 | |
| 650 | 0 | |a Relaciones Internacionales |9 255740 | |
| 650 | 0 | |a Derechos humanos |9 223025 | |
| 650 | 0 | |a Derecho internacional |9 255637 | |
| 583 | |a last modification |c 20190830 10:52:00 |k Rodrigo Vera | ||
| 999 | |c 375114 |d 375112 | ||
| 952 | |0 0 |1 0 |3 erb |4 0 |6 304_663000000000000_JON_2017 |7 0 |8 WP_COW |9 561089 |a BIBDER |b BIBDER |e Fundación W and P Cowley |i 5596815 |l 2 |o 304.663 JON 2017 |p 5596815 |r 2023-01-25 |s 2022-07-11 |w 2020-03-12 |y BK |z Catalogado en:20190830 |k WPC | ||